| 000 | 00584nam a2200205 a 4500 | ||
|---|---|---|---|
| 005 | 20240924065456.0 | ||
| 008 | 020114s1994 mx r 000 0 spa d | ||
| 020 | _a847118995X | ||
| 035 | _aUPN01000114546 | ||
| 049 | _aCG | ||
| 050 | 4 |
_aRG524 _bP4.3 |
|
| 100 | 1 | _aPérez de Besoaín, Mercedes | |
| 245 | 1 | 3 |
_aEl embarazo y los 12 primeros meses / _cMereces Pérez de Besoaín. |
| 260 |
_aMadrid : _bPalabra, _c1994. |
||
| 300 | _a278 p. | ||
| 440 | 0 |
_aHacer familia ; _v21. _pSerie B : educar por edades |
|
| 650 | 2 |
_aEmbarazo _913356 |
|
| 650 | 4 |
_aPARTO _913358 |
|
| 905 | _aLibro | ||
| 999 |
_c88453 _d88453 |
||